• 首页
  • 本馆介绍
  • 公告通知
  • 最新文献
  • 馆藏检索
  • 电子资源
  • 读者导购
  • 参考咨询
  • 我的图书馆
  • 登录
  • 详细信息显示
  • 放入我的书架
  • 预约/预借图书
  • 作者相关作品
  • 分类相关作品
  • 丛书相关作品
  • 出版社相关作品

书目信息

  • 表格格式
  • 工作单格式
  • 卡片格式
题名:
乌拉特前旗常见药用植物图鉴
    
 
作者: 李旻辉 , 乔永胜 , 张春红 主编
分册:  
出版信息: 北京   北京科学技术出版社  2019
页数: 525页
开本: 29cm
丛书名:
单 册:
中图分类: R281.426.4-64 , R282.71-64
科图分类:
主题词: 药用植物--yao yong zhi wu--介绍--乌拉特前旗 (巴彦淖尔市, 内蒙古自治区)--图集
电子资源:
ISBN: 978-7-5304-9973-3
000 01162cam0 2200289 45
001 012001003581
005 20140102140632.0
010    @a978-7-5304-9973-3@dCNY698.00
099    @aCAL 012019115696
100    @a20190605d2019 ekmy0chiy50 ea
101 0  @achi
102    @aCN@b110000
105    @aaf z 001yy
106    @ar
200 1  @a乌拉特前旗常见药用植物图鉴@Awu la te qian qi chang jian yao yong zhi wu tu jian@f李旻辉,乔永胜,张春红主编
210    @a北京@c北京科学技术出版社@d2019
215    @a525页@c彩图@d29cm
320    @a有索引
330    @a本书收录了乌拉特前期旗常见的木贼科、中国蕨科、松科、柏科、麻黄科、杨柳科、桦木科等药用植物82科,307属,500种,对每种植物的名称(中文名、拉丁名、蒙文名、俗名)药用部位、中医功效、蒙医功效、分布、生境以及是否有引种栽培等均有较详细的记载。
606 0  @a药用植物@Ayao yong zhi wu@x介绍@y乌拉特前旗 (巴彦淖尔市, 内蒙古自治区)@j图集
690    @aR281.426.4-64@v5
690    @aR282.71-64@v5
701  0 @a李旻辉@Ali min hui@4主编
701  0 @a乔永胜@Aqiao yong sheng@4主编
701  0 @a张春红@Azhang chun hong@4主编
801  2 @aCN@b北京卓展@c20191020
905    @b1212185-6@dR281.426.4-64@e524@f2
    
    乌拉特前旗常见药用植物图鉴/李旻辉,乔永胜,张春红主编.-北京:北京科学技术出版社,2019
    525页:彩图;29cm
    
    
    ISBN 978-7-5304-9973-3:CNY698.00
    本书收录了乌拉特前期旗常见的木贼科、中国蕨科、松科、柏科、麻黄科、杨柳科、桦木科等药用植物82科,307属,500种,对每种植物的名称(中文名、拉丁名、蒙文名、俗名)药用部位、中医功效、蒙医功效、分布、生境以及是否有引种栽培等均有较详细的记载。
●
相关链接 在E读中查询图书 在五车中查询图书 在当当中查询图书 在豆瓣中查询图书


正题名:乌拉特前旗常见药用植物图鉴     索取号:R281.426.4-64/524         预约/预借

序号 登录号 条形码 馆藏地/架位号 状态 备注
1 1212185   212121853   第二样本阅览室/ [索取号:R281.426.4-64/524] 在馆    
2 1212186   212121862   第三借阅区/ [索取号:R281.426.4-64/524] 在馆    
唐山师范学院图书馆 欢迎您!
大连网信软件有限公司© 版权所有